00651nam a2200241 a 4500001001300000003000900013005001700022008004100039020000900080082001600089100001900105245002700124260003100151300000900182500003500191505001000226650001200236700001900248902000800267942000700275952011400282999001300396nice12345678IN_TiNIC20260116011347.0050524s1968 luca grp 000 0 urd  ac1400a891.41bMAS aMasihul, Zaman aUrdu Marsiya Ka Irteqa aLucknowbKitab Nagarc1968 a491p aincludes index and biblioraphy2 aIndex aMarsiya1 aMasihul, Zaman bSRS cBK 001040708StackRoom-aHMIbHMId2007-06-20g14.00l0o891.41 MASp03927r2007-06-20v14.00w2005-05-24yBK c848d848